The Haymeadow / (Record no. 3332)

MARC details
000 -LEADER
fixed length control field 00711nam a22002297a 4500
001 - CONTROL NUMBER
control field 3332
003 - CONTROL NUMBER IDENTIFIER
control field FISKH
005 - DATE AND TIME OF LATEST TRANSACTION
control field 20240228122215.0
008 - FIXED-LENGTH DATA ELEMENTS--GENERAL INFORMATION
fixed length control field 240228b cb ||||| |||| 00| 0 eng d
040 ## - CATALOGING SOURCE
Original cataloging agency FISK
Language of cataloging eng
Transcribing agency FISK
Modifying agency FISK
050 ## - LIBRARY OF CONGRESS CALL NUMBER
Classification number PZ7.P2843
082 ## - DEWEY DECIMAL CLASSIFICATION NUMBER
Classification number 813
100 ## - MAIN ENTRY--PERSONAL NAME
Personal name Paulsen Gray :
Dates associated with a name 1939 2021
245 ## - TITLE STATEMENT
Title The Haymeadow /
Statement of responsibility, etc. Gray Paulsen
260 ## - PUBLICATION, DISTRIBUTION, ETC.
Place of publication, distribution, etc. New York :
Name of publisher, distributor, etc. Gray Paulsen,
Date of publication, distribution, etc. 1992
300 ## - PHYSICAL DESCRIPTION
Extent 195 pages :
Other physical details 20 cm :
501 ## - WITH NOTE
With note U
520 ## - SUMMARY, ETC.
Summary, etc. Fourteen-year-old John comes of age and gains self-reliance during the summer he spends up in the Wyoming mountains tending his father's herd of sheep.
521 8# - TARGET AUDIENCE NOTE
Target audience note 1010
Source U
700 ## - ADDED ENTRY--PERSONAL NAME
Personal name Gray Paulsen
942 ## - ADDED ENTRY ELEMENTS (KOHA)
Source of classification or shelving scheme Dewey Decimal Classification
Koha item type Books
Suppress in OPAC No
Holdings
Withdrawn status Lost status Source of classification or shelving scheme Damaged status Not for loan Collection Home library Current library Shelving location Date acquired Total Checkouts Full call number Barcode Date last seen Copy number Price effective from Koha item type
    Dewey Decimal Classification     Fiction Footprints International School Library Network Toul Kork Campus Footprints International School Library Network Toul Kork Campus TTP Secondary Fiction Bookshelves 02/28/2024   PAU PZ7.P2843 813 2024-0131 02/28/2024 1 02/28/2024 Books